|
|
|
|
| LEADER |
00000cam a2200000 a 4500 |
| 001 |
vtls001446901 |
| 003 |
SK-MaSNL |
| 005 |
20260302002157.0 |
| 008 |
240801s2002 xo g 000 j slo |
| 015 |
|
|
|a SNBA2003/04-01152
|
| 020 |
|
|
|a 802201186X
|
| 035 |
|
|
|a SNK000402156
|
| 035 |
|
|
|a urn:nbn:sk:snk-amjdct
|
| 035 |
|
|
|a urn:nbn:sk:snk-am002ndp
|
| 035 |
|
|
|a 12DF0C5F-5EB6-47CF-980F-120C26B206C9
|
| 040 |
|
|
|a SNK
|b slo
|c SNK
|e AACR2
|
| 041 |
0 |
|
|a slo
|
| 044 |
|
|
|a xo
|c SK
|
| 072 |
|
7 |
|a 821.162.4-3
|x Slovenská próza
|2 konspekt
|
| 080 |
|
|
|a 821.162.4-3
|2 1981
|
| 080 |
|
|
|a 821.162.4-32
|2 1981
|
| 100 |
1 |
|
|a Šikulová, Veronika,
|d 1967-
|4 aut
|9 100923
|
| 245 |
1 |
0 |
|a Mesačná dúha
|c Veronika Šikulová ; [ilustroval Tomáš Polonský]
|
| 250 |
|
|
|a 1. vyd.
|
| 260 |
|
|
|a Bratislava
|b Slovenský spisovateľ
|c 2002
|
| 300 |
|
|
|a 95 s.
|b ilustr.
|c 17 cm
|
| 500 |
|
|
|a Rozlož. ilustr. na tit. strane
|
| 500 |
|
|
|a Údaj o ilustr. prevzatý z rubu tit. strany
|
| 655 |
|
7 |
|a umelecká literatúra
|2 SNK
|9 60405
|
| 655 |
|
7 |
|a slovenské poviedky
|2 SNK
|9 70226
|
| 655 |
|
7 |
|a spoločenské poviedky, slovenské
|2 SNK
|9 276430
|
| 700 |
1 |
|
|a Polonský, Tomáš
|4 ill
|9 639214
|
| 852 |
|
|
|a Slovenská národná knižnica
|
| 919 |
|
|
|a 80-220-1186-X
|
| 954 |
|
|
|a beletria pôvodná (slovenská)
|2 lita
|
| 958 |
|
|
|a LX
|
| 968 |
|
|
|d 821
|
| 999 |
|
|
|c 986917
|d 988847
|
| 952 |
|
|
|t P60, <03>, [BOOK], {603}
|a SNK
|b SNK
|y PREZ
|7 0
|p 17A0369757
|o snkSD 72607
|i snkKSP 115/2003
|0 0
|1 0
|4 0
|d 2003-01-08
|l 0
|r 2005-01-02 00:00:00
|w 2026-02-24
|
| 952 |
|
|
|t P60, <04>, [BOOK], {604}
|a SNK
|b SNK
|y VYP
|7 0
|p 17A0369756
|o snkSD 72607 D1
|i snkKSP 116/2003
|0 0
|1 0
|4 0
|d 2003-01-08
|f 1
|l 0
|r 2005-01-02 00:00:00
|w 2026-02-24
|